Hong Kong Express Destinations - Statistics

General Stats
  • This quiz has been taken 39 times
    21 since last reset
  • The average score is 10 of 24
Answer Stats
Answer % Correct
Fukuoka
81%
Nagoya
75%
Tokyo (Narita)
75%
Osaka
69%
Tokyo (Haneda)
69%
Seoul
63%
Bangkok
56%
Busan
56%
Jeju
56%
Kagoshima
44%
Hiroshima
38%
Hong Kong
38%
Taichung
38%
Chiang Mai
31%
Phuket
31%
Nagasaki
25%
Takamatsu
25%
Ishigaki
19%
Shimojishima
19%
Da Nang
13%
Ningbo
13%
Saipan
13%
Siem Reap
13%
Cam Ranh
0%
No matching quizzes found
Score Distribution
Percent of People with Each Score
Percentile by Number Answered
Your Score History
You have not taken this quiz since the last reset